[Event "BL2 Sued 1112 (Women)"]
[Site "Germany"]
[Date "2011.12.18"]
[Round "5.4"]
[White "Gussakovski, Jana"]
[Black "Specht, Maria"]
[Result "0-1"]
[WhiteElo "2101"]
[BlackElo "1896"]
[PlyCount "52"]
[EventDate "2011.10.29"]
[EventType "team-tourn"]
[EventRounds "7"]
[EventCountry "GER"]
[SourceTitle "EXT 2013"]
[Source "ChessBase"]
[SourceDate "2012.11.22"]
[SourceVersion "1"]
[SourceVersionDate "2012.11.22"]
[SourceQuality "1"]
[WhiteTeam "Deizisau (W)"]
[BlackTeam "Augsburg (W)"]
[WhiteTeamCountry "GER"]
[BlackTeamCountry "GER"]

1. e4 c5 2. c3 d5 3. exd5 Qxd5 4. d4 e5 5. dxe5 Qxe5+ 6. Be2 Nc6 7. Nf3 Qc7 8. 0-0 Bd6 9. Na3 a6 10. Nc4 Be7 11. Bg5 Nf6 12. Qc1 Nd5 13. Rd1 Be6 14. Bxe7 Ncxe7 15. Ng5 Nf4 16. Nxe6 Nxe2+ 17. Kf1 fxe6 18. Kxe2 Nd5 19. Qg5 0-0 20. Qe5 Qf7 21. f3 Nf4+ 22. Kf2 Nxg2 23. Rd3 Nf4 24. Re3 Qg6 25. Rf1 Qc2+ 26. Ke1 Ng2# 0-1

[Event "BL2 Sued 1112 (Women)"]
[Site "Germany"]
[Date "2011.11.26"]
[Round "3.3"]
[White "Biebinger, Eva"]
[Black "Gussakovski, Jana"]
[Result "1-0"]
[WhiteElo "1858"]
[BlackElo "2101"]
[PlyCount "61"]
[EventDate "2011.10.29"]
[EventType "team-tourn"]
[EventRounds "7"]
[EventCountry "GER"]
[SourceTitle "EXT 2013"]
[Source "ChessBase"]
[SourceDate "2012.11.22"]
[SourceVersion "1"]
[SourceVersionDate "2012.11.22"]
[SourceQuality "1"]
[WhiteTeam "Mutterstadt (W)"]
[BlackTeam "Deizisau (W)"]
[WhiteTeamCountry "GER"]
[BlackTeamCountry "GER"]

1. c4 g6 2. Nc3 Bg7 3. g3 f5 4. Bg2 Nf6 5. d3 0-0 6. e4 e6 7. Nge2 Nc6 8. 0-0 d6 9. a3 a5 10. Be3 Ng4 11. Qd2 Nxe3 12. fxe3 Ne5 13. exf5 gxf5 14. Rad1 Qg5 15. Nf4 c6 16. Qe2 d5 17. cxd5 exd5 18. Na4 Qg4 19. Qf2 Bh6 20. Nb6 Rb8 21. Nxc8 Rfxc8 22. Bh3 Qg5 23. e4 fxe4 24. Be6+ Kh8 25. Bxc8 Rxc8 26. dxe4 Rf8 27. exd5 cxd5 28. Rxd5 Qg8 29. Qd4 Bxf4 30. Rxf4 Rxf4 31. Qxe5+ 1-0

[Event "BL2 Sued 0809 (Women)"]
[Site "Germany"]
[Date "2009.03.07"]
[Round "6.2"]
[White "Gussakovski, Jana"]
[Black "Horvath, Maria"]
[Result "1-0"]
[WhiteElo "2080"]
[BlackElo "2019"]
[PlyCount "67"]
[EventDate "2008.11.08"]
[EventType "team-tourn"]
[EventRounds "7"]
[EventCountry "GER"]
[SourceTitle "EXT 2010"]
[Source "ChessBase"]
[SourceDate "2010.11.25"]
[SourceVersion "1"]
[SourceVersionDate "2010.11.25"]
[SourceQuality "1"]
[WhiteTeam "Wolfbusch (W)"]
[BlackTeam "Augsburg (W)"]
[WhiteTeamCountry "GER"]
[BlackTeamCountry "GER"]

1. e4 e6 2. d4 d5 3. exd5 exd5 4. Nf3 Nf6 5. c4 Bb4+ 6. Nc3 0-0 7. Be2 Ne4 8. Qb3 c5 9. 0-0 Bxc3 10. bxc3 dxc4 11. Bxc4 Nc6 12. Bd3 Be6 13. Qc2 f5 14. Ba3 Rf7 15. Rad1 cxd4 16. Bxe4 fxe4 17. Nxd4 Nxd4 18. Rxd4 Qc8 19. Bc1 Bc4 20. Re1 Bd3 21. Qb3 Qf5 22. Be3 a6 23. Rd5 Qg6 24. Rg5 Qc6 25. Rc5 Qd7 26. Rd5 Qc7 27. Rc5 Qd7 28. Bd4 Rc8 29. Rxc8+ Qxc8 30. Re3 Qd7 31. a3 Qc7 32. Rg3 Qd7 33. h3 Qc7 34. Qb4 1-0

[Event "Stuttgart-chA int"]
[Site "Gerlingen"]
[Date "2007.05.18"]
[Round "3"]
[White "Gussakovski, Jana"]
[Black "Scheeff, Volker"]
[Result "0-1"]
[WhiteElo "2091"]
[BlackElo "2165"]
[PlyCount "62"]
[EventDate "2007.05.17"]
[EventType "swiss"]
[EventRounds "7"]
[EventCountry "GER"]
[SourceTitle "EXT 2018"]
[Source "ChessBase"]
[SourceDate "2017.10.13"]
[SourceVersion "1"]
[SourceVersionDate "2017.10.13"]
[SourceQuality "1"]

1. e4 d5 2. exd5 Nf6 3. Bb5+ Bd7 4. Bc4 b5 5. Bb3 a5 6. a3 Bg4 7. f3 Bc8 8. Nc3 Ba6 9. Nge2 Nbd7 10. Nd4 Nc5 11. d3 Nxb3 12. Nxb3 Nxd5 13. Nxd5 Qxd5 14. Nxa5 e5 15. 0-0 Bd6 16. Nb3 0-0 17. Be3 f5 18. a4 b4 19. Nd2 e4 20. dxe4 fxe4 21. Nxe4 Qe5 22. g3 Bxf1 23. Qxf1 Qxb2 24. Qd1 Rad8 25. Bd4 Bc5 26. Nxc5 Rxd4 27. Qe1 Qxc2 28. Rc1 Qd2 29. Qe6+ Kh8 30. Re1 Rdd8 31. Nb3 Qd5 0-1

[Event "GER-chT Federal Cup (Women)"]
[Site "Germany"]
[Date "2007.??.??"]
[Round "3"]
[White "Gussakovski, Jana"]
[Black "Wagner Michel, Annett"]
[Result "1/2-1/2"]
[WhiteElo "2080"]
[BlackElo "2150"]
[PlyCount "66"]
[EventDate "2007.06.??"]
[EventType "team-swiss"]
[EventRounds "5"]
[EventCountry "GER"]
[SourceTitle "EXT 2008"]
[Source "ChessBase"]
[SourceDate "2007.11.25"]
[SourceVersion "1"]
[SourceVersionDate "2007.11.25"]
[SourceQuality "1"]
[WhiteTeam "Wuerttemberg"]
[BlackTeam "Berlin"]
[WhiteTeamCountry "GER"]
[BlackTeamCountry "GER"]

1. e4 c5 2. c3 d5 3. exd5 Qxd5 4. d4 Nf6 5. Nf3 e6 6. Be3 cxd4 7. cxd4 Be7 8. Nc3 Qd8 9. Bc4 0-0 10. 0-0 a6 11. a3 b5 12. Ba2 Bb7 13. Rc1 Nd5 14. Qd3 Nxc3 15. Rxc3 Bxf3 16. gxf3 Nd7 17. d5 exd5 18. Bxd5 Rc8 19. Rxc8 Qxc8 20. Rc1 Qd8 21. Bb7 Nb8 22. Qxd8 Rxd8 23. Bf4 Bf6 24. b3 Bb2 25. Rc8 Rxc8 26. Bxc8 Nc6 27. Bxa6 Bxa3 28. Bxb5 Nd4 29. Bc4 Kf8 30. Kg2 f6 31. Be3 Nc6 32. f4 Ke7 33. Kf3 f5 1/2-1/2

[Event "GER-chT Federal Cup (Women)"]
[Site "Braunfels"]
[Date "2006.05.06"]
[Round "4"]
[White "Zschischang, Marine"]
[Black "Gussakovski, Jana"]
[Result "0-1"]
[WhiteElo "2059"]
[BlackElo "2073"]
[PlyCount "86"]
[EventDate "2006.05.04"]
[EventType "team-swiss"]
[EventRounds "5"]
[EventCountry "GER"]
[SourceTitle "EXT 2010"]
[Source "ChessBase"]
[SourceDate "2010.11.25"]
[SourceVersion "1"]
[SourceVersionDate "2010.11.25"]
[SourceQuality "1"]

1. d4 g6 2. c4 Bg7 3. Nc3 f5 4. g3 Nf6 5. Bg2 0-0 6. Nf3 d6 7. 0-0 Qe8 8. d5 Na6 9. Nd4 e5 10. dxe6 Nc5 11. Nd5 Na6 12. e7 Rf7 13. Nxf6+ Bxf6 14. Bd5 Qxe7 15. Bxf7+ Kxf7 16. Rb1 Qe4 17. Be3 f4 18. gxf4 Bh3 19. Nf3 Bxf1 20. Kxf1 Qxc4 21. b3 Qe4 22. Rc1 Re8 23. Rc4 Qf5 24. Kg1 Nc5 25. Ng5+ Kg7 26. b4 Qg4+ 27. Kh1 Bxg5 28. bxc5 Be7 29. f3 Qe6 30. Qd3 d5 31. Bd4+ Kf8 32. Rc2 c6 33. Qb3 Qh3 34. Kg1 Qf5 35. Be5 Qd7 36. Rb2 Bxc5+ 37. Kg2 b6 38. e4 Rd8 39. Rd2 Kf7 40. Qa4 b5 41. Qa6 Bb6 42. Qa3 Rf8 43. Rc2 c5 0-1

[Event "GER-ch U18 Girls"]
[Site "Willingen"]
[Date "2005.05.15"]
[Round "2"]
[White "Gussakovski, Jana"]
[Black "Schulze, Dorothee"]
[Result "1/2-1/2"]
[WhiteElo "2080"]
[BlackElo "1955"]
[PlyCount "36"]
[EventDate "2005.05.14"]
[EventType "swiss"]
[EventRounds "9"]
[EventCountry "GER"]
[SourceTitle "CBM 106 Extra"]
[Source "ChessBase"]
[SourceDate "2005.07.01"]
[SourceVersion "1"]
[SourceVersionDate "2005.07.01"]
[SourceQuality "1"]

1. e4 c5 2. c3 Nf6 3. e5 Nd5 4. Nf3 Nc6 5. d4 cxd4 6. cxd4 d6 7. Bc4 Nb6 8. Bb3 dxe5 9. dxe5 Qxd1+ 10. Bxd1 Bg4 11. 0-0 g6 12. Nc3 Bg7 13. Bf4 0-0 14. Re1 Rfd8 15. h3 Bf5 16. g4 Bd3 17. Rc1 Rac8 18. b3 Nd5 1/2-1/2